000 00283nam a22001337a 4500
008 181102b xxu||||| |||| 00| 0 eng d
020 _a9780394712451
041 _aeng
080 _a610
100 _a4
101 _aSHM
245 _aMedical Nemesis
_cIllich,I
942 _2udc
_cBK
999 _c51600
_d51600